Follow Me/ tập 2 / Tập 2

Na minha lista:
Detalhes bibliográficos
Autor principal: Nguyễn Quốc Hùng
Formato: Livro
Idioma:English
Publicado em: TPHCM, 1996.
Assuntos:
Tags: Adicionar Tag
Sem tags, seja o primeiro a adicionar uma tag!
Thư viện lưu trữ: Mạng thư viện Đại học Đà Nẵng
LEADER 00965cam a22003011a 4500
001 000034538
003 10740
005 20210330162343.0
008 151027s1996 000 eng
041 |a eng 
082 |a 420.8  |b NG-H 
100 |a Nguyễn Quốc Hùng 
245 0 |a Follow Me/ tập 2 /  |c Nguyễn Quốc Hùng  |n Tập 2 
260 |a TPHCM,  |c 1996. 
300 |a 124r. :  |b mh. ;  |c 24,5cm. 
650 |a Follow Me 
653 |a Follow Me  |a english 
OWN |a LNN 
902 |a TKA 
AVA |a UDN50  |b LNN  |c English  |d 420.8 NG-H  |e available  |t Error 5001 Not defined in file expand_doc_bib_avail.  |f 1  |g 0  |h N  |i 0  |j AN  |k 1 
999 |a From the UDN01 
AVA |a UDN50  |b LNN  |c English  |d 420.8 NG-H  |e available  |t Error 5001 Not defined in file expand_doc_bib_avail.  |f 1  |g 0  |h N  |i 0  |j AN  |k 1 
TYP |a Monograph 
TYP |a Printed language 
980 |a Mạng thư viện Đại học Đà Nẵng